Cranial Nerves: (Record no. 5300)

MARC details
000 -LEADER
fixed length control field 01423cam a2200337 a 4500
001 - CONTROL NUMBER
control field 16202724
003 - CONTROL NUMBER IDENTIFIER
control field OSt
005 - DATE AND TIME OF LATEST TRANSACTION
control field 20230221172109.0
008 - FIXED-LENGTH DATA ELEMENTS--GENERAL INFORMATION
fixed length control field 100422s2010 ctua b 001 0 eng
010 ## - LIBRARY OF CONGRESS CONTROL NUMBER
LC control number 2010017389
020 ## - INTERNATIONAL STANDARD BOOK NUMBER
International Standard Book Number 9781607950318
020 ## - INTERNATIONAL STANDARD BOOK NUMBER
International Standard Book Number 1550091646
040 ## - CATALOGING SOURCE
Transcribing agency DNLM
042 ## - AUTHENTICATION CODE
Authentication code pcc
050 00 - LIBRARY OF CONGRESS CALL NUMBER
Classification number QM471
Item number .W55 2010
060 10 - NATIONAL LIBRARY OF MEDICINE CALL NUMBER
Classification number WL 330
Item number C8913 2010
082 00 - DEWEY DECIMAL CLASSIFICATION NUMBER
Classification number WL330 675g 2002
100 ## - MAIN ENTRY--PERSONAL NAME
Personal name Linda ,Wilson;[et....al]
9 (RLIN) 11133
245 00 - TITLE STATEMENT
Title Cranial Nerves:
Remainder of title in health and disease.
250 ## - EDITION STATEMENT
Edition statement 2nd ed.
260 ## - PUBLICATION, DISTRIBUTION, ETC. (IMPRINT)
Place of publication, distribution, etc. London;
Name of publisher, distributor, etc. BC Decker Inc.
Date of publication, distribution, etc. 2002.
300 ## - PHYSICAL DESCRIPTION
Extent x, 245 p. :
Other physical details col. ill. ;
Dimensions 27 cm.
500 ## - GENERAL NOTE
General note Rev. ed. of: Cranial nerves in health and disease / Linda Wilson-Pauwels ... [et al.]. 2nd ed. 2002.
504 ## - BIBLIOGRAPHY, ETC. NOTE
Bibliography, etc Includes bibliographical references and index.
505 0# - FORMATTED CONTENTS NOTE
Formatted contents note Olfactory nerve -- Optic nerve -- Oculomotor nerve -- Trochlear nerve -- Trigeminal nerve -- Abducens nerve -- Facial nerve -- Vestibulocochlear nerve -- Glossopharyngeal nerve -- Vagus nerve -- Accessory nerve -- Hypoglossal nerve -- Coordinated eye movements and clinical testing of the somatic motor components of cranial nerves III, IV, and VI.
650 12 - SUBJECT ADDED ENTRY--TOPICAL TERM
Topical term or geographic name as entry element Cranial Nerves
9 (RLIN) 391
730 0# - ADDED ENTRY--UNIFORM TITLE
Uniform title Cranial nerves in health and disease.
9 (RLIN) 393
906 ## - LOCAL DATA ELEMENT F, LDF (RLIN)
a 7
b cbc
c orignew
d 1
e ecip
f 20
g y-gencatlg
942 ## - ADDED ENTRY ELEMENTS (KOHA)
Source of classification or shelving scheme Other/Generic Classification Scheme
Koha item type Open Shelf
Holdings
Withdrawn status Lost status Source of classification or shelving scheme Damaged status Not for loan Home library Current library Date acquired Source of acquisition Inventory number Total Checkouts Full call number Barcode Date last seen Koha item type
    Other/Generic Classification Scheme     MUST Main Library MUST Main Library 04/10/2016 Purchase 09/31371   WL330 675g 2002 2016-4598 04/10/2016 Open Shelf